Stardew Valley Characters - Statistics

General Stats
  • This quiz has been taken 76 times
  • The average score is 32 of 41
Answer Stats
Category Character % Correct
Sam
96%
Bachelors Alex
95%
Elliot
95%
Emily
93%
Haley
93%
Lewis
93%
Bachelorettes Abigail
91%
Maru
91%
Sebastian
91%
Marnie
89%
Penny
89%
Shane
89%
Harvey
88%
Leah
88%
Robin
86%
Vincent
86%
Jas
82%
Demetrius
80%
Pierre
80%
Townsfolk Caroline
79%
Clint
79%
Kent
79%
Leo
79%
Pam
79%
Willy
79%
Wizard
79%
Jodi
77%
Evelyn
75%
Gus
75%
George
73%
Gunther
73%
Krobus
70%
Sandy
70%
Linus
68%
Special Dwarf
66%
Morris
59%
Mr. Qi
59%
Marlon
54%
Gil
46%
Ginger Island Birdie
36%
Professor Snail
29%
No matching quizzes found
Score Distribution
Percent of People with Each Score
Percentile by Number Answered
Your Score History
You have not taken this quiz